00493 a2200169 450000100060000002000180000604000220002410000320004624000350007824500300011330000080014336200090015165000300016094200070019095201090019799900170030662220 a9788522507405 cAnchieta - Pituba aMaia, João Marcelo Ehlert10aPensando com a sociologialpor10aPensando com a sociologia a1310 a2009 4aSociologia e Antropologia cBK 00104070a91.1b91.1d2023-11-21l0o301 M217p MAI PENp14916/PITr2023-11-21 18:30:38w2023-11-21yBK c62220d62220